[Event "Titled Tuesday intern op 27th Feb Late"]
[Site "Chess.com INT"]
[Date "2024.02.27"]
[Round "9"]
[White "Rasulov, Vugar Ural Oglu"]
[Black "Subelj, Jan"]
[Result "1-0"]
[WhiteElo "2538"]
[BlackElo "2511"]
[PlyCount "125"]
[EventDate "2024.02.27"]
[EventType "swiss (blitz)"]
[EventRounds "11"]
[EventCountry "USA"]
[SourceTitle "CB10_2024"]
[SourceDate "2024.03.06"]
[SourceVersion "1"]
[SourceVersionDate "2024.03.06"]
[SourceQuality "1"]

1. e4 e6 2. d4 d5 3. exd5 exd5 4. Nf3 Nf6 5. Bd3 Bd6 6. Qe2+ Be6 7. Bf5 Qe7 8. Bxe6 fxe6 9. 0-0 0-0 10. Re1 Nc6 11. c4 Ne4 12. Nc3 Rxf3 13. Qxf3 Nxd4 14. Qh3 Nc2 15. Nxe4 dxe4 16. Be3 Qf6 17. Rad1 Nxe1 18. Rxe1 Re8 19. b3 Qc3 20. Rf1 Qb2 21. Qh5 g6 22. Qb5 Rf8 23. Qxb7 Qxa2 24. Bxa7 Qe2 25. g3 c5 26. Qd7 Qd3 27. Qxe6+ Kg7 28. Bxc5 Bxc5 29. Qe5+ Rf6 30. Qxc5 Qxb3 31. Qe7+ Rf7 32. Qxe4 Qc3 33. Rb1 Qf6 34. Qe3 Qc6 35. Rc1 Rf3 36. Qe7+ Rf7 37. Qe5+ Rf6 38. c5 Kf7 39. Re1 Qd7 40. h4 Rf5 41. Qh8 Qd2 42. Qxh7+ Kf8 43. Qe7+ Kg8 44. Qe8+ Rf8 45. Qxg6+ Kh8 46. Qh5+ Kg8 47. Qg5+ Qxg5 48. hxg5 Rf5 49. Rc1 Rf7 50. c6 Rc7 51. f4 Kg7 52. Kf2 Kh8 53. Kf3 Kg7 54. Kg4 Kg6 55. f5+ Kf7 56. Kf4 Ke7 57. g4 Rc8 58. g6 Kf6 59. c7 Kg7 60. g5 Kg8 61. f6 Kf8 62. Kf5 Kg8 63. Rd1 1-0

[Event "Titled Tuesday intern op 27th Feb Late"]
[Site "Chess.com INT"]
[Date "2024.02.27"]
[Round "8"]
[White "Subelj, Jan"]
[Black "Rozman, Levy"]
[Result "1-0"]
[WhiteElo "2511"]
[BlackElo "2322"]
[PlyCount "81"]
[EventDate "2024.02.27"]
[EventType "swiss (blitz)"]
[EventRounds "11"]
[EventCountry "USA"]
[SourceTitle "CB10_2024"]
[SourceDate "2024.03.06"]
[SourceVersion "1"]
[SourceVersionDate "2024.03.06"]
[SourceQuality "1"]

1. Nf3 g6 2. e4 Bg7 3. d4 d6 4. Bd3 Nc6 5. c3 e5 6. 0-0 Nf6 7. h3 0-0 8. Re1 Re8 9. d5 Ne7 10. c4 h6 11. Nc3 g5 12. Nh2 Ng6 13. Ng4 Kh7 14. Nxf6+ Bxf6 15. Be2 Nf4 16. Bg4 Bxg4 17. Qxg4 Qc8 18. Qxc8 Raxc8 19. Kh2 Nd3 20. Rf1 c6 21. b3 a6 22. Be3 Bd8 23. Rfd1 Nb4 24. dxc6 Rxc6 25. Rac1 a5 26. a3 Na6 27. Nb5 Be7 28. Rd3 Rd8 29. Rcd1 Kg7 30. Nc3 Bf8 31. Nd5 a4 32. bxa4 Rxc4 33. f3 Rxa4 34. Rb1 Nc5 35. Bxc5 dxc5 36. Rxb7 c4 37. Rc3 Bxa3 38. Nb6 Rb4 39. Rxa3 Rd6 40. Nc8 Rxb7 41. Nxd6 1-0

[Event "Mitropa Cup"]
[Site "Apolda"]
[Date "2024.02.15"]
[Round "1.17"]
[White "Subelj, Jan"]
[Black "Vykouk, Jan"]
[Result "0-1"]
[WhiteElo "2511"]
[BlackElo "2497"]
[PlyCount "134"]
[EventDate "2024.02.15"]
[EventType "team-tourn"]
[EventRounds "9"]
[EventCountry "GER"]
[SourceTitle "CB09_2024"]
[SourceDate "2024.02.28"]
[SourceVersion "1"]
[SourceVersionDate "2024.02.28"]
[SourceQuality "1"]
[WhiteTeam "Slovenia"]
[BlackTeam "Czech Republic"]
[WhiteTeamCountry "SLO"]
[BlackTeamCountry "CZE"]

1. Nf3 Nf6 2. c4 d6 3. d4 Bf5 4. Nc3 h6 5. g3 c6 6. Bg2 Nbd7 7. 0-0 e5 8. Nh4 Bh7 9. e4 Be7 10. Be3 0-0 11. Nf5 Bxf5 12. exf5 exd4 13. Bxd4 Re8 14. Qc2 Qc7 15. Rad1 a5 16. h3 Nb6 17. b3 Nfd7 18. Ne4 Bf8 19. f6 g6 20. h4 Rad8 21. h5 gxh5 22. Nc3 Qb8 23. Qf5 c5 24. Be3 Re5 25. Qf3 Rde8 26. Bf4 Rf5 27. Qd3 Rxf6 28. Ne4 Rg6 29. Nxd6 Bxd6 30. Bxd6 Qc8 31. Rfe1 Rxe1+ 32. Rxe1 Nf6 33. Re7 Qd8 34. Bf1 Nc8 35. Bxc5 Qxd3 36. Bxd3 Nxe7 37. Bxe7 Ne4 38. Bxe4 Re6 39. Bxb7 Rxe7 40. Bd5 Re1+ 41. Kg2 Kf8 42. a3 Ra1 43. b4 Rxa3 44. bxa5 Rxa5 45. Kh3 Ra2 46. f4 Rc2 47. Bf3 Rxc4 48. Bxh5 Ke7 49. Bf3 Rc3 50. Bd5 f6 51. Be4 Kd6 52. Kg4 Rc5 53. Bg6 Ke6 54. Bd3 Kd5 55. Bg6 Kd4 56. Kf3 Ra5 57. Bh7 Ra3+ 58. Kg4 Ke3 59. Kf5 Ra6 60. Bg6 Kf3 61. g4 Ra5+ 62. Kxf6 Kxf4 63. Kg7 Kg5 64. Bh5 Ra7+ 65. Kf8 Kh4 66. Kg8 Ra5 67. Kg7 Rxh5 0-1

[Event "Titled Tuesday intern op 06th Feb Late"]
[Site "Chess.com INT"]
[Date "2024.02.06"]
[Round "2"]
[White "Subelj, Jan"]
[Black "Roberson, Peter T"]
[Result "0-1"]
[WhiteElo "2511"]
[BlackElo "2426"]
[PlyCount "82"]
[EventDate "2024.02.06"]
[EventType "swiss (blitz)"]
[EventRounds "11"]
[EventCountry "USA"]
[SourceTitle "CB07_2024"]
[SourceDate "2024.02.14"]
[SourceVersion "1"]
[SourceVersionDate "2024.02.14"]
[SourceQuality "1"]

1. d4 Nf6 2. c4 c5 3. Nf3 e6 4. g3 b6 5. Bg2 Bb7 6. d5 exd5 7. Nh4 g6 8. Nc3 Bg7 9. Bg5 Qc8 10. Nb5 0-0 11. Nd6 Qc7 12. Nxb7 Qxb7 13. cxd5 d6 14. 0-0 b5 15. a4 a6 16. axb5 axb5 17. Rxa8 Qxa8 18. b4 Nbd7 19. bxc5 Nxc5 20. Be3 Nfd7 21. Nf3 b4 22. Nd4 Re8 23. Bf4 Ne5 24. Nc6 b3 25. Be3 Qa3 26. Bd4 b2 27. Qc2 Nxc6 28. Bxg7 Kxg7 29. dxc6 Rb8 30. Rb1 Kg8 31. Bd5 Na4 32. c7 Rc8 33. Bb7 Rxc7 34. Qxc7 Nc3 35. Qb8+ Kg7 36. Rf1 b1Q 37. Rxb1 Nxb1 38. Bf3 Nc3 39. Kg2 Na4 40. Qe8 Nc5 41. Bd5 Ne6 0-1

[Event "Chessable Masters Play In"]
[Site "Chess.com INT"]
[Date "2024.01.31"]
[Round "9"]
[White "Lobanov, Sergei"]
[Black "Subelj, Jan"]
[Result "1-0"]
[WhiteElo "2502"]
[BlackElo "2512"]
[PlyCount "95"]
[EventDate "2024.01.31"]
[EventType "swiss (rapid)"]
[EventRounds "9"]
[EventCountry "USA"]
[SourceTitle "CB06_2024"]
[SourceDate "2024.02.07"]
[SourceVersion "1"]
[SourceVersionDate "2024.02.07"]
[SourceQuality "1"]

1. d4 d5 2. c4 e6 3. Nc3 Nf6 4. cxd5 exd5 5. Bg5 Be7 6. e3 c6 7. Bd3 h6 8. Bh4 Nbd7 9. Nge2 Nh5 10. Bxe7 Qxe7 11. 0-0 Nb6 12. Qd2 Be6 13. f3 0-0-0 14. a4 a6 15. a5 Nc4 16. Bxc4 dxc4 17. Na4 g5 18. Qc3 g4 19. fxg4 Bxg4 20. Nf4 Nf6 21. Nb6+ Kb8 22. Nxc4 Ne4 23. Qc2 f6 24. Ne5 fxe5 25. Qxe4 Qg5 26. Ng6 Rhe8 27. Nxe5 Be6 28. Qf4 Ka7 29. Qxg5 hxg5 30. b4 Rh8 31. Nf7 Bxf7 32. Rxf7 Rde8 33. Ra3 Rh4 34. Rc3 Reh8 35. Rxc6 Rxh2 36. Rb6 Rh1+ 37. Kf2 Rb8 38. d5 Rd1 39. e4 Rd3 40. d6 g4 41. e5 g3+ 42. Ke2 Rd5 43. Re7 Ka8 44. Ke3 Ka7 45. e6 Rd1 46. d7 Rd8 47. b5 Rd5 48. Re8 1-0

[Event "Rilton Cup 51st"]
[Site "Stockholm"]
[Date "2024.01.05"]
[Round "9"]
[White "Subelj, Jan"]
[Black "Aoshima, Mirai"]
[Result "1-0"]
[WhiteElo "2512"]
[BlackElo "2367"]
[PlyCount "59"]
[EventDate "2023.12.27"]
[EventType "swiss"]
[EventRounds "9"]
[EventCountry "SWE"]
[SourceTitle "CB02_2024"]
[SourceDate "2024.01.10"]
[SourceVersion "1"]
[SourceVersionDate "2024.01.10"]
[SourceQuality "1"]

1. Nf3 Nf6 2. c4 e6 3. g3 d5 4. Bg2 d4 5. 0-0 c5 6. e3 Nc6 7. exd4 cxd4 8. d3 Be7 9. Bg5 Nd7 10. Bxe7 Qxe7 11. Na3 0-0 12. Nb5 Rd8 13. Nbxd4 Nxd4 14. Nxd4 Nc5 15. Nb3 Rxd3 16. Qe2 Nxb3 17. Qxd3 Nxa1 18. Rxa1 e5 19. Re1 Be6 20. Rxe5 Qc7 21. Qd4 Rd8 22. Bd5 b5 23. Qe4 bxc4 24. Bxe6 fxe6 25. Rxe6 Qb8 26. Qxc4 Kh8 27. Qe2 h6 28. Qe5 Rd1+ 29. Kg2 Qb7+ 30. Qe4 1-0

[Event "Rilton Cup 51st"]
[Site "Stockholm"]
[Date "2024.01.04"]
[Round "8"]
[White "Socko, Monika"]
[Black "Subelj, Jan"]
[Result "1/2-1/2"]
[WhiteElo "2396"]
[BlackElo "2512"]
[PlyCount "68"]
[EventDate "2023.12.27"]
[EventType "swiss"]
[EventRounds "9"]
[EventCountry "SWE"]
[SourceTitle "CB02_2024"]
[SourceDate "2024.01.10"]
[SourceVersion "1"]
[SourceVersionDate "2024.01.10"]
[SourceQuality "1"]

1. d4 Nf6 2. Nf3 d5 3. g3 c6 4. Bg2 Bf5 5. c4 e6 6. Nc3 h6 7. Qb3 Qb6 8. c5 Qc7 9. Bf4 Qc8 10. 0-0 Be7 11. Rfe1 0-0 12. Nd2 Bh7 13. e4 Rd8 14. Rad1 b6 15. cxb6 axb6 16. Qxb6 g5 17. Qc7 Qxc7 18. Bxc7 Rc8 19. Bxb8 Raxb8 20. Nb3 Bb4 21. f3 g4 22. fxg4 Bxe4 23. Bxe4 Bxc3 24. bxc3 Nxe4 25. Rc1 Ra8 26. Re2 c5 27. Rec2 Ra3 28. c4 cxd4 29. cxd5 Rxc2 30. Rxc2 d3 31. Rc8+ Kg7 32. dxe6 fxe6 33. Rd8 Rxa2 34. Rxd3 Nf2 1/2-1/2

[Event "Rilton Cup 51st"]
[Site "Stockholm"]
[Date "2023.12.31"]
[Round "5"]
[White "Subelj, Jan"]
[Black "Farokhi, Keyvan"]
[Result "1-0"]
[WhiteElo "2512"]
[BlackElo "2298"]
[PlyCount "119"]
[EventDate "2023.12.27"]
[EventType "swiss"]
[EventRounds "9"]
[EventCountry "SWE"]
[SourceTitle "CB02_2024"]
[SourceDate "2024.01.10"]
[SourceVersion "1"]
[SourceVersionDate "2024.01.10"]
[SourceQuality "1"]

1. Nf3 d5 2. c4 e6 3. g3 Nf6 4. Bg2 Be7 5. 0-0 0-0 6. d4 dxc4 7. Qa4 a6 8. Qxc4 b5 9. Qc2 Bb7 10. Bd2 Nc6 11. e3 Qb8 12. Ne1 Nb4 13. Bxb4 Bxb4 14. Nd3 Bxg2 15. Kxg2 Qb7+ 16. Kg1 a5 17. a3 Bd6 18. Nd2 a4 19. Rac1 b4 20. axb4 Bxb4 21. Nc4 Nd7 22. Ra1 Qb5 23. Na3 Qb6 24. Rfc1 Rfc8 25. Nb1 Qb5 26. Qc4 Qxc4 27. Rxc4 Bd6 28. Rcxa4 Rxa4 29. Rxa4 e5 30. dxe5 Nxe5 31. Nxe5 Bxe5 32. b3 g6 33. Nd2 Rd8 34. Nc4 Rd1+ 35. Kg2 Bd6 36. Ra7 Rc1 37. g4 Rc2 38. Rb7 h6 39. h4 Be7 40. Kg3 Kg7 41. Rxc7 Bb4 42. f4 Be1+ 43. Kf3 Bxh4 44. b4 Kf8 45. f5 gxf5 46. gxf5 Bd8 47. Rc8 Ke7 48. b5 Rc3 49. f6+ Kxf6 50. b6 Bxb6 51. Nxb6 Rxc8 52. Nxc8 Ke5 53. Nb6 h5 54. Nc4+ Kd5 55. Nb2 h4 56. Nd3 f6 57. Nf2 Kc4 58. Kg4 Kc3 59. Kxh4 Kd2 60. e4 1-0

[Event "EU-chT 24th"]
[Site "Budva"]
[Date "2023.11.18"]
[Round "7.2"]
[White "Santos Latasa, Jaime"]
[Black "Subelj, Jan"]
[Result "1-0"]
[WhiteElo "2635"]
[BlackElo "2513"]
[PlyCount "79"]
[EventDate "2023.11.11"]
[EventType "team-swiss"]
[EventRounds "9"]
[EventCountry "MNE"]
[SourceTitle "CB47_2023"]
[SourceDate "2023.11.22"]
[SourceVersion "1"]
[SourceVersionDate "2023.11.22"]
[SourceQuality "1"]
[WhiteTeam "Spain"]
[BlackTeam "Slovenia"]
[WhiteTeamCountry "ESP"]
[BlackTeamCountry "SLO"]

1. e4 c5 2. Nf3 Nc6 3. Nc3 g6 4. d4 cxd4 5. Nxd4 Bg7 6. Be3 Nf6 7. Bc4 0-0 8. Bb3 d5 9. exd5 Na5 10. 0-0 Nxb3 11. Nxb3 b6 12. d6 exd6 13. Re1 Bb7 14. Bd4 Re8 15. Rxe8+ Qxe8 16. Qd2 Qc6 17. f3 Re8 18. Rd1 d5 19. h3 Qc4 20. Re1 Re6 21. Rxe6 fxe6 22. Qe3 Kf7 23. Be5 Qh4 24. Nd4 Bh6 25. f4 Nh5 26. g4 Qg3+ 27. Qxg3 Nxg3 28. Ncb5 Ne4 29. Nxa7 Ke7 30. Nab5 Nc5 31. g5 Bf8 32. Bd6+ Kf7 33. Bxf8 Kxf8 34. b4 Na6 35. Nd6 Nxb4 36. Nxb7 Ke7 37. a3 Na6 38. Kf2 Kd7 39. Nb5 Kc6 40. N7d6 1-0

[Event "EU-chT 24th"]
[Site "Budva"]
[Date "2023.11.13"]
[Round "3.14"]
[White "Bogner, Sebastian"]
[Black "Subelj, Jan"]
[Result "1/2-1/2"]
[WhiteElo "2536"]
[BlackElo "2513"]
[PlyCount "82"]
[EventDate "2023.11.11"]
[EventType "team-swiss"]
[EventRounds "9"]
[EventCountry "MNE"]
[SourceTitle "CB47_2023"]
[SourceDate "2023.11.22"]
[SourceVersion "1"]
[SourceVersionDate "2023.11.22"]
[SourceQuality "1"]
[WhiteTeam "Switzerland"]
[BlackTeam "Slovenia"]
[WhiteTeamCountry "SUI"]
[BlackTeamCountry "SLO"]

1. d4 d5 2. c4 c6 3. Nf3 Nf6 4. e3 Bg4 5. h3 Bh5 6. Nc3 e6 7. g4 Bg6 8. Ne5 Nbd7 9. h4 dxc4 10. Nxg6 hxg6 11. g5 Nd5 12. Bxc4 N7b6 13. Be2 Qc7 14. Bd2 Be7 15. f4 0-0-0 16. Qb3 Kb8 17. Ne4 Nc8 18. Bf3 Qb6 19. Kf2 Qxb3 20. axb3 Bb4 21. Bxb4 Nxb4 22. Nc5 b6 23. Na6+ Nxa6 24. Rxa6 Ne7 25. b4 Rd7 26. Ra3 Rc8 27. h5 gxh5 28. Rxh5 Nd5 29. Rh7 g6 30. Rb3 Kc7 31. Bxd5 cxd5 32. Rc3+ Kb7 33. Rxc8 Kxc8 34. b5 Rc7 35. Ke2 Kb7 36. Kd3 a6 37. bxa6+ Kxa6 38. Rh8 Ka5 39. Rb8 b5 40. e4 Rd7 41. Rc8 Kb4 1/2-1/2

[Event "EU-chT 24th"]
[Site "Budva"]
[Date "2023.11.12"]
[Round "2.10"]
[White "Subelj, Jan"]
[Black "Teclaf, Pawel"]
[Result "1/2-1/2"]
[WhiteElo "2513"]
[BlackElo "2571"]
[PlyCount "66"]
[EventDate "2023.11.11"]
[EventType "team-swiss"]
[EventRounds "9"]
[EventCountry "MNE"]
[SourceTitle "CB47_2023"]
[SourceDate "2023.11.22"]
[SourceVersion "1"]
[SourceVersionDate "2023.11.22"]
[SourceQuality "1"]
[WhiteTeam "Slovenia"]
[BlackTeam "Poland"]
[WhiteTeamCountry "SLO"]
[BlackTeamCountry "POL"]

1. e4 e5 2. Nf3 Nc6 3. Bb5 Nf6 4. d3 Bc5 5. Bxc6 dxc6 6. Nc3 Qe7 7. h3 h6 8. Be3 Bd6 9. Qe2 Be6 10. 0-0-0 Nd7 11. d4 exd4 12. Nxd4 Bb4 13. Nxe6 Qxe6 14. Bd4 0-0-0 15. Qg4 Qxg4 16. hxg4 f6 17. Ne2 Bd6 18. f3 Nf8 19. g5 fxg5 20. Bxg7 Rh7 21. Bxf8 Rxf8 22. Nd4 h5 23. Nf5 h4 24. Kd2 Be5 25. b3 Kd7 26. Ke2+ Ke6 27. g3 h3 28. Ke3 Bd6 29. Rh2 Rxf5 30. exf5+ Kxf5 31. Kf2 Bc5+ 32. Kf1 Bd6 33. Kf2 Bc5+ 1/2-1/2

[Event "Wch U20 Blitz"]
[Site "Pula"]
[Date "2023.10.15"]
[Round "10"]
[White "Peyrer, Konstantin"]
[Black "Subelj, Jan"]
[Result "1-0"]
[WhiteElo "2442"]
[BlackElo "2496"]
[PlyCount "127"]
[EventDate "2023.10.14"]
[EventType "swiss (blitz)"]
[EventRounds "11"]
[EventCountry "ITA"]
[SourceTitle "Mega2024 Update 01"]
[Source "Chessbase"]
[SourceDate "2023.11.12"]
[SourceVersion "1"]
[SourceVersionDate "2023.11.12"]
[SourceQuality "1"]

1. d4 d5 2. c4 c6 3. Nf3 Nf6 4. e3 Bf5 5. Nc3 a6 6. Qb3 b5 7. c5 a5 8. Bd2 a4 9. Qd1 a3 10. b4 Ne4 11. Nh4 Nxc3 12. Bxc3 Bc8 13. Nf3 Bf5 14. Bd3 Bxd3 15. Qxd3 Nd7 16. e4 Nf6 17. e5 Ne4 18. Nd2 Nxd2 19. Bxd2 e6 20. h4 h5 21. Qg3 g6 22. Rb1 Ra4 23. Rb3 Qa8 24. Rh3 Bh6 25. Bxh6 Rxh6 26. Qc3 Rh8 27. Rxa3 Ke7 28. Qb2 Rb8 29. Rxa4 bxa4 30. a3 Qa6 31. Qe2 Qb5 32. Rc3 Kd7 33. Qf3 Ke8 34. Qf6 Rb7 35. f3 Re7 36. g4 hxg4 37. fxg4 Kd7 38. h5 gxh5 39. gxh5 Qb8 40. Rg3 Qb5 41. Qf1 Qxf1+ 42. Kxf1 Re8 43. Rg7 Rh8 44. Rxf7+ Kd8 45. Rf6 Rxh5 46. Rxe6 Kd7 47. Rd6+ Kc7 48. e6 Rh4 49. Rd7+ Kc8 50. b5 cxb5 51. c6 Rf4+ 52. Kg2 Rf8 53. Ra7 Rg8+ 54. Kf3 Rf8+ 55. Kg4 Kb8 56. Rb7+ Kc8 57. e7 Re8 58. Kf5 b4 59. Ke6 bxa3 60. Rb4 Kc7 61. Rxa4 Kxc6 62. Rxa3 Kb5 63. Kd7 Rh8 64. Rc3 1-0

[Event "Wch U20 Rapid"]
[Site "Pula"]
[Date "2023.10.11"]
[Round "6"]
[White "Alexakis, Dimitris"]
[Black "Subelj, Jan"]
[Result "1/2-1/2"]
[WhiteElo "2458"]
[BlackElo "2496"]
[PlyCount "89"]
[EventDate "2023.10.10"]
[EventType "swiss (rapid)"]
[EventRounds "11"]
[EventCountry "ITA"]
[SourceTitle "Mega2024 Update 01"]
[Source "Chessbase"]
[SourceDate "2023.11.12"]
[SourceVersion "1"]
[SourceVersionDate "2023.11.12"]
[SourceQuality "1"]

1. e4 c6 2. Nc3 d5 3. Nf3 dxe4 4. Nxe4 Nf6 5. Qe2 Nxe4 6. Qxe4 Be6 7. b3 Nd7 8. Bb2 Nf6 9. Qe2 Bf5 10. h3 e6 11. 0-0-0 Qa5 12. a4 h6 13. Ne5 Qc7 14. g4 Bh7 15. Nc4 Nd5 16. Bg2 Nf4 17. Qf3 Nxg2 18. Qxg2 f6 19. Qf3 Be7 20. Rhe1 Bg8 21. Qe4 Bf7 22. f4 0-0-0 23. d4 Rhe8 24. Bc3 Rd5 25. Ne3 Rd7 26. Kb2 Red8 27. f5 exf5 28. Nxf5 Bf8 29. a5 g6 30. Nh4 Re7 31. Qd3 Rxe1 32. Rxe1 c5 33. Nxg6 cxd4 34. Bd2 Bd6 35. a6 Kb8 36. axb7 Qxb7 37. Bf4 Qb4 38. Rd1 Bxg6 39. Bxd6+ Rxd6 40. Qxg6 Qc3+ 41. Kb1 Ra6 42. Qe8+ Kc7 43. Qe7+ Kc8 44. Qe8+ Kc7 45. Qe7+ 1/2-1/2